| 000 | 01762cam a22004214i 4500 | ||
|---|---|---|---|
| 003 | PE-LiUPU | ||
| 005 | 20250731184508.0 | ||
| 008 | 150617s r 000 0 d | ||
| 035 | _a(Sirsi) a14966 | ||
| 040 |
_aPE-LiUPU _bspa _cPE-LiUPU _erda |
||
| 049 | _aPRUA | ||
| 082 | 0 | 4 |
_a920 _bO66d _223 |
| 100 | 1 |
_aOrea Luna, David, _eautor. |
|
| 245 | 1 | 0 |
_aDestellos biográficos / _cDavid Orea Luna. |
| 264 | 1 |
_aMéxico : _bEl Amanecer, _c1963. |
|
| 300 |
_a285 páginas : _bilustrado ; _c25 centímetros. |
||
| 336 |
_atext _2rdacontent |
||
| 337 |
_aunmediated _2rdamedia |
||
| 338 |
_avolume _2rdacarrier |
||
| 505 | 0 | _aHipócrates. -Heródoto. -Demóstenes. -Virgilio. -Aristóteles. -Josefo Flavio. -Constantino el grande. -Juliano el apóstata. -Dioclkeciano. -Papías. -Policarpo. -Marción. -Ignacio de Antioquía. -Ireneo. -Justino Martir. -Monstano. -Tertuliano. -Orígenes. -Eusebio de Cesárea. -Juan Crisóstomo. -Arrio. -Atanasio. -Pelagio. -Agustín de Hipona. -Jerónimo. -Nestorio. -Dionisio el exiguo. -Beda el venerable. -Tomás de Aquino. -Francisco de Asis. -Pedro valdo. -Raimundo Lulio. -Juan Ruiz. -Pedro el Ermitaño. -Juana de Arco. -Bernardo de Claraval. -Juan Eckhart. -Juan Ruybrueck. -Juan Tauler. -Enrique Suso. -Pedro D'Ailly. -Juan Gerson. -Juan Wycliff. -Juan Huss. -Jerónimo Savonarola. -Juan Luis Vives. -Erasmo de Rotterdam. | |
| 526 | _aP136 | ||
| 526 | _aP135 | ||
| 526 | _aP134 | ||
| 526 | _aP133 | ||
| 526 | _aP144 | ||
| 526 | _aP143 | ||
| 526 | _aP87 | ||
| 526 | _aP35 | ||
| 526 | _aP20 | ||
| 526 | _aP14 | ||
| 526 | _aP10 | ||
| 526 | _aP06 | ||
| 650 | 1 | 4 | _aBiografías. |
| 910 | _ajck | ||
| 942 |
_2ddc _cBK |
||
| 999 |
_c5501 _d5501 |
||
| 980 |
_81 _gALBERTO SANCHEZ Responsable de Automatización |
||